| 000 | 00434nam a22001697a 4500 | ||
|---|---|---|---|
| 005 | 20251119124356.0 | ||
| 082 | _a510 VAR | ||
| 100 |
_aVarun Soman _9944 |
||
| 100 |
_aManjulatha P A _9946 |
||
| 100 |
_aAnil Kumar B T _9947 |
||
| 245 | _aEngineering Mathematics 1 : Mathematics for Computer and Information Science | ||
| 250 | _a1 | ||
| 260 |
_aOwl Books _bTrivandrum _c2025 |
||
| 546 | _aEnglish | ||
| 650 |
_aAPS _95 |
||
| 942 | _cBK | ||
| 999 |
_c38025 _d38025 |
||